000 00572nam a22001931c 4500
001 ht014508685
008 071109s2005 gw a||| 000u ger d
020 _a3506713477
_93-506-71347-7
041 _ager
245 0 0 _aKatholische Kirche in SBZ und DDR /
_cChristoph Kösters ... (Hrsg.)
264 _aPaderborn [u.a.] :
_bSchöningh,
_c2005
300 _a414 S., [8] Bl. : Ill., Kt
650 0 _aKatholische Kirche
655 0 _aAufsatzsammlung
700 1 _aKösters, Christoph [Hrsg.]
_eHerausgeberIn
942 _cMG
040 _cRU-10907106
003 RU-10907106
999 _c15823
_d15823